000 00441nam a22001697a 4500
003 NUST - PNEC
005 20170116180818.0
008 150611b xxu||||| |||| 00| 0 eng d
020 _a-
040 _cLIBRARY
082 _a621.3192 SKI
100 _98752
_aSkilling, Hugh Hildreth
245 _aElectrical engineering circuits
_cHugh Hildreth Skilling
260 _cc.1957
650 _98753
_aElectrical circuits
_xEE
942 _2ddc
_cBK
999 _c63628
_d63628